000 01060nam a22003137a 4500
003 CHAP
005 20220329142458.0
008 010604d1987 es r 00110 spa d
010 _a84059
011 _a85031
020 _a8476141157
035 _a95558
040 _cCHAP
082 0 4 _a001.6424
_bC33p
100 0 0 _aCarrabis, Joseph Davis.
_919315
245 1 0 _aProgramación avanzada en dBase III:
_btécnicas de desarrollo de aplicaciones
_c/por Joseph-David Carrabis
260 _aFuenlabrada, Madrid :
_bAnaya Multimedia,
_c1987
300 _a255 p. :
_bgráfs. ; diagramas
590 _aBATCH-UPD
_b10
_c20130110
_lUCH01
_h1936
590 _aBATCH-UPD
_b10
_c20130410
_lUCH01
_h1300
590 _aBATCH-UPD
_b10
_c20130914
_lUCH01
_h0858
590 _aCONVERSION
_b10
_c20130109
_lUCH01
_h1347
650 1 4 _aDBase III (Programación)
_931358
650 1 4 _aLenguajes de programación.
_965989
901 _aBK
905 _aMarco A. Mendoza T.
942 _cLIBRO
949 _a001.6424 C33p
_bBC
_cLIBRO
_d33724000819926
_eLIBRO
_gDonaciØn
_h100281
_i95558
_st
999 _c84059
_d84059